[Event "zonal 1.5"]
[Site "Yerevan ARM"]
[Date "2000.06.14"]
[Round "8"]
[White "Nalbandian, Tigran"]
[Black "Izoria, Zviad"]
[Result "1-0"]
[WhiteElo "2448"]
[BlackElo "2372"]
[EventDate "2000.06.07"]
[PlyCount "159"]

1.d4 Nf6 2.c4 e6 3.g3 d5 4.Bg2 Bb4+ 5.Bd2 Be7 6.Nf3 O-O 7.O-O c6 8.Qc2 b6 
9.Bf4 Nbd7 10.Nbd2 Bb7 11.b3 Rc8 12.e4 c5 13.cxd5 exd5 14.e5 Ne4 15.Qb2 f5
16.e6 Nb8 17.Ne5 Bf6 18.Nxe4 fxe4 19.Rad1 Qe7 20.Bh3 g5 21.Bc1 cxd4 22.
Qxd4 Rxc1 23.Rxc1 Qg7 24.Qa4 Bxe5 25.Qxa7 Bd4 26.Qa4 Be5 27.Qb5 Bd4 28.Qa4
Be5 29.Qb4 Bd4 30.e7 Re8 31.Rfd1 Nc6 32.Rxc6 Bxc6 33.Be6+ Kh8 34.Rxd4 Qxe7
35.Qc3 Qf6 36.Qxc6 Rxe6 37.Qc8+ Kg7 38.Rxd5 e3 39.Rd7+ Kh6 40.Qc2 exf2+ 
41.Qxf2 b5 42.Qxf6+ Rxf6 43.Kg2 Rc6 44.Kf3 Rc2 45.h3 Rxa2 46.Rd6+ Kg7 47.
Rd5 Kf6 48.Kg4 h6 49.Rxb5 Rg2 50.Rb6+ Kg7 51.Rb7+ Kg6 52.Rb6+ Kg7 53.Rb4 
h5+ 54.Kf3 Rc2 55.Re4 Rb2 56.Rb4 Rd2 57.h4 Rd3+ 58.Kf2 g4 59.Rb5 Rf3+ 60.
Kg2 Kh6 61.Rb6+ Kg7 62.Rb5 Kh6 63.Rb8 Kg7 64.b4 Rb3 65.b5 Kh7 66.b6 Kg7 
67.Kf2 Rf3+ 68.Kg2 Rb3 69.b7 Rb1 70.Kf2 Rb2+ 71.Ke3 Rb1 72.Ke2 Rb2+ 73.Kd3
Rb1 74.Kc3 Rb5 75.Kd4 Rb1 76.Kd5 Rd1+ 77.Ke4 Rb1 78.Ke5 Rb5+ 79.Kd6 Rb1 
80.Re8 1-0

[Event "zonal 1.5"]
[Site "Yerevan ARM"]
[Date "2000.06.14"]
[Round "8"]
[White "Erdogan, Hakan"]
[Black "Khachian, Melikset"]
[Result "0-1"]
[WhiteElo "2316"]
[BlackElo "2462"]
[EventDate "2000.06.07"]
[PlyCount "110"]

1.d4 Nf6 2.c4 g6 3.Nc3 d5 4.Bg5 Ne4 5.Nxe4 dxe4 6.Qd2 Bg7 7.O-O-O c5 8.d5 
h6 9.Bf4 Nd7 10.e3 b5 11.f3 bxc4 12.Bxc4 Nb6 13.Bb5+ Bd7 14.Qe2 g5 15.Bg3 
a6 16.Bc6 Bxc6 17.dxc6 Qc8 18.c7 O-O 19.Kb1 Qe6 20.fxe4 Nc4 21.e5 Nxe5 22.
Rc1 Qb6 23.Nf3 Nd3 24.Rc2 Nb4 25.Rc4 Nd5 26.Ne5 Qb5 27.a4 Nc3+ 28.Kc2 Nxe2
29.axb5 Nxg3 30.hxg3 Bxe5 31.b6 Bxc7 32.bxc7 Rfc8 33.Rxc5 Ra7 34.Rxh6 
Raxc7 35.Rc3 f6 36.Rh1 Rxc3+ 37.bxc3 Rc4 38.Kd3 Rg4 39.Rh3 Kf7 40.c4 Ke6 
41.c5 Ra4 42.Rh8 Kd5 43.Rc8 Ra3+ 44.Ke2 Ke4 45.Re8 e5 46.Re6 f5 47.g4 fxg4
48.Kf2 a5 49.Ra6 Rxe3 50.Rxa5 g3+ 51.Kf1 Rc3 52.Ke2 Rc2+ 53.Kd1 Rxg2 54.c6
Rh2 55.Ra3 Kf4 0-1

[Event "zonal 1.5"]
[Site "Yerevan ARM"]
[Date "2000.06.14"]
[Round "8"]
[White "Antic, Dejan"]
[Black "Atakisi, Umut"]
[Result "0-1"]
[WhiteElo "2491"]
[BlackElo "2274"]
[EventDate "2000.06.07"]
[PlyCount "88"]

1.d4 d5 2.c4 c6 3.Nf3 Nf6 4.e3 Bf5 5.Nc3 e6 6.Nh4 Bg6 7.Qb3 Qb6 8.Nxg6 
hxg6 9.Bd2 Nbd7 10.g3 Be7 11.Qc2 O-O 12.Be2 dxc4 13.Bxc4 c5 14.d5 Ne5 15.
b3 Rad8 16.Be2 Nxd5 17.a3 Nxc3 18.Bxc3 Qc6 19.e4 Nd7 20.Rc1 Bf6 21.Bd2 Bd4
22.O-O b5 23.Bg5 Rc8 24.h4 Nb6 25.Kg2 c4 26.a4 bxa4 27.bxc4 Qc5 28.Bd2 
Rfd8 29.Qb1 Qa3 30.Bb4 Qb3 31.Rc2 Qxb1 32.Rxb1 Bc5 33.Bc3 Rd7 34.Rb5 a3 
35.Ra5 Rb7 36.Bd2 Nd7 37.Bc1 Bb4 38.Ra6 Nc5 39.Rd6 Nb3 40.Rd1 Nxc1 41.
Rdxc1 Bc5 42.Ra2 Rb2 43.Rc2 Rxc2 44.Rxc2 Bd4 0-1

[Event "zonal 1.5"]
[Site "Yerevan ARM"]
[Date "2000.06.14"]
[Round "8"]
[White "Sendur, Adnan"]
[Black "Seitaj, Ilir"]
[Result "0-1"]
[WhiteElo "2335"]
[BlackElo "2392"]
[EventDate "2000.06.07"]
[PlyCount "92"]

1.e4 e5 2.Nf3 Nc6 3.d4 exd4 4.Nxd4 Nf6 5.Nxc6 bxc6 6.e5 Qe7 7.Qe2 Nd5 8.c4
Ba6 9.b3 g6 10.Bb2 Bg7 11.g3 f6 12.Bg2 fxe5 13.O-O Nb6 14.a4 Qe6 15.Re1 
O-O 16.a5 Nc8 17.Nd2 Rb8 18.f4 exf4 19.Qxe6+ dxe6 20.Bxg7 Kxg7 21.Rxe6 
fxg3 22.hxg3 Nd6 23.c5 Nb5 24.Re7+ Rf7 25.Rxf7+ Kxf7 26.Bxc6 Rd8 27.Rf1+ 
Kg7 28.Rf2 Rd3 29.Kg2 Nd4 30.Be4 Re3 31.Bd5 Nf5 32.Kh2 Re5 33.Bc4 Bxc4 34.
Nxc4 Rxc5 35.Rd2 h5 36.Rd8 a6 37.Kg2 Kh6 38.Rd3 Kg5 39.Kf3 Rb5 40.Nd2 Rxa5
41.Rd7 Rb5 42.Ne4+ Kh6 43.g4 Rxb3+ 44.Kf4 hxg4 45.Nf6 Rb4+ 46.Ke5 g3 0-1

[Event "zonal 1.5"]
[Site "Yerevan ARM"]
[Date "2000.06.14"]
[Round "8"]
[White "Gurcan, Selim"]
[Black "Karkanaque, Ilir"]
[Result "1/2-1/2"]
[WhiteElo "2307"]
[BlackElo "2389"]
[EventDate "2000.06.07"]
[PlyCount "41"]

1.e4 e5 2.Nf3 Nf6 3.Nxe5 d6 4.Nf3 Nxe4 5.Bd3 Nf6 6.O-O Be7 7.c3 O-O 8.Bc2 
Bg4 9.d4 Bh5 10.Bg5 Nbd7 11.Nbd2 Re8 12.Re1 c6 13.Bf5 Bg6 14.Bxg6 hxg6 15.
Nc4 d5 16.Nce5 Nxe5 17.Nxe5 Nd7 18.Bxe7 Rxe7 19.Nxd7 Qxd7 20.Rxe7 Qxe7 21.
Qe1 1/2-1/2

[Event "zonal 1.5"]
[Site "Yerevan ARM"]
[Date "2000.06.15"]
[Round "9"]
[White "Minasian, Artashes"]
[Black "Ilincic, Zlatko"]
[Result "1-0"]
[WhiteElo "2598"]
[BlackElo "2554"]
[EventDate "2000.06.07"]
[PlyCount "51"]

1.e4 c5 2.Nf3 d6 3.Bc4 a6 4.Bb3 b5 5.d3 Nc6 6.c3 Nf6 7.Nbd2 e5 8.a4 Rb8 9.
axb5 axb5 10.Ng5 Rb7 11.Ra8 Na5 12.Bd5 Nxd5 13.exd5 Rd7 14.Nde4 Qc7 15.Ne6
Qb7 16.Rxa5 fxe6 17.dxe6 Rc7 18.Qh5+ g6 19.Qf3 Be7 20.Bh6 Kd8 21.Bg7 Rg8 
22.Qf7 Bxe6 23.Qxe6 Rxg7 24.O-O Qc8 25.Qd5 Ke8 26.Ra8 1-0

[Event "zonal 1.5"]
[Site "Yerevan ARM"]
[Date "2000.06.15"]
[Round "9"]
[White "Yegiazarian, Arsen"]
[Black "Banikas, Hristos"]
[Result "0-1"]
[WhiteElo "2513"]
[BlackElo "2535"]
[EventDate "2000.06.07"]
[PlyCount "132"]

1.e4 c5 2.Nf3 e6 3.d3 Nc6 4.g3 g6 5.d4 cxd4 6.Nxd4 d6 7.Bg2 a6 8.O-O Bd7 
9.Nc3 Qc7 10.Re1 Be7 11.a4 h5 12.Nxc6 bxc6 13.Be3 a5 14.Qd2 e5 15.Rad1 h4 
16.Bf3 hxg3 17.hxg3 Be6 18.b3 Nf6 19.Qe2 Rh7 20.Bg5 Nd7 21.Qd2 Nc5 22.Bxe7
Kxe7 23.Qg5+ f6 24.Qe3 Qa7 25.Rd2 Na6 26.Qe2 Rh3 27.Kf1 Qc5 28.Na2 Nc7 29.
Red1 Rd8 30.Bg2 Rh2 31.Kg1 Rh7 32.Rd3 Qa3 33.Nc1 Qc5 34.Na2 Bf7 35.Qd2 Na6
36.Rc3 Qb6 37.Rd3 Qc5 38.Bf1 Nb8 39.Nc3 Be6 40.Bg2 Bg4 41.Ne2 Na6 42.c3 
Rhh8 43.Bf3 Bxf3 44.Rxf3 Qb6 45.b4 axb4 46.cxb4 Qxb4 47.Nc3 Rd7 48.Rb1 Qc4
49.Rc1 Qe6 50.g4 Qxg4+ 51.Rg3 Qh5 52.Kf1 Nc5 53.Qe3 Nb3 54.Rd1 Nd4 55.Rxd4
exd4 56.Qxd4 Rb7 57.Nd1 Rb1 58.Rd3 Rxd1+ 59.Rxd1 Qxd1+ 60.Qxd1 Rh1+ 61.Ke2
Rxd1 62.Kxd1 f5 63.exf5 gxf5 64.Ke2 c5 65.Ke3 d5 66.Kf4 d4 0-1

[Event "zonal 1.5"]
[Site "Yerevan ARM"]
[Date "2000.06.15"]
[Round "9"]
[White "Asrian, Karen"]
[Black "Jobava, Baadur"]
[Result "1/2-1/2"]
[WhiteElo "2572"]
[BlackElo "2430"]
[EventDate "2000.06.07"]
[PlyCount "87"]

1.e4 c5 2.Nf3 d6 3.d4 cxd4 4.Nxd4 Nf6 5.Nc3 a6 6.Be2 e5 7.Nb3 Be7 8.O-O 
O-O 9.Kh1 b5 10.a4 b4 11.Nd5 Bb7 12.Nxf6+ Bxf6 13.f3 Qc7 14.Be3 Nd7 15.c3 
bxc3 16.Rc1 Rac8 17.Rxc3 Qb8 18.Na5 Rxc3 19.bxc3 Bc8 20.Qd5 Qb2 21.Bd3 
Qxc3 22.Rc1 Qb4 23.Nc4 Be7 24.Qa5 Qb8 25.Nb6 Bd8 26.Nxd7 Bxd7 27.Qxa6 Qb4 
28.Bb5 Be6 29.Qc6 Ba5 30.Bb6 Bxb6 31.Qxb6 h5 32.Qe3 Rc8 33.Rxc8+ Bxc8 34.
h3 Be6 35.Qc1 h4 36.Kh2 Kh7 37.Qe3 Bb3 38.Qf2 g5 39.Qb2 Kg7 40.Qb1 Kf6 41.
Bc6 Qd2 42.Qxb3 Qf4+ 43.Kg1 Qc1+ 44.Kh2 1/2-1/2

[Event "zonal 1.5"]
[Site "Yerevan ARM"]
[Date "2000.06.15"]
[Round "9"]
[White "Khachian, Melikset"]
[Black "Tosic, Miroslav"]
[Result "1/2-1/2"]
[WhiteElo "2462"]
[BlackElo "2503"]
[EventDate "2000.06.07"]
[PlyCount "72"]

1.e4 c5 2.Nf3 e6 3.d3 Nc6 4.g3 d5 5.Nbd2 Nge7 6.Bg2 h6 7.O-O g5 8.exd5 
exd5 9.d4 g4 10.Ne5 cxd4 11.Nxg4 Bg7 12.h3 Be6 13.Nb3 Qb6 14.Nh2 O-O-O 15.
Nf3 Nf5 16.a4 a5 17.Bf4 Rhg8 18.Qd2 Bf6 19.g4 Nh4 20.Nxh4 Bxh4 21.Bxh6 
Bxg4 22.hxg4 Rxg4 23.Kh1 Bg5 24.Bxg5 Rh8+ 25.Kg1 Ne5 26.f3 Nc4 27.fxg4 
Nxd2 28.Nxd2 d3+ 29.Rf2 Rg8 30.Bf6 Rxg4 31.Kf1 dxc2 32.Bh3 Qa6+ 33.Ke1 
Qe6+ 34.Kf1 Qa6+ 35.Ke1 Qe6+ 36.Kf1 Qa6+ 1/2-1/2

[Event "zonal 1.5"]
[Site "Yerevan ARM"]
[Date "2000.06.15"]
[Round "9"]
[White "Seitaj, Ilir"]
[Black "Bagaturov, Giorgi"]
[Result "0-1"]
[WhiteElo "2392"]
[BlackElo "2501"]
[EventDate "2000.06.07"]
[PlyCount "106"]

1.e4 c5 2.c3 d6 3.d4 Nf6 4.Bd3 Nc6 5.Ne2 e5 6.dxc5 dxc5 7.O-O Be7 8.Na3 
O-O 9.Bg5 Ng4 10.Bxe7 Qxe7 11.h3 Nf6 12.Ng3 Be6 13.Qe2 a6 14.Nc2 b5 15.Ne3
g6 16.Rfd1 Rfd8 17.Bc2 Rxd1+ 18.Bxd1 Na5 19.Bc2 Nc4 20.Nxc4 Bxc4 21.Qe3 
Rd8 22.Nf1 Nh5 23.Nd2 Be6 24.Nf3 Nf4 25.Kh2 Qf6 26.Rd1 Rxd1 27.Bxd1 Bxa2 
28.g3 Ne6 29.b3 a5 30.Nd2 Qd8 31.Be2 Qd7 32.h4 a4 33.bxa4 bxa4 34.Nc4 Qc7 
35.h5 Bb3 36.h6 Qa7 37.Qc1 Qb8 38.Qb2 Qa8 39.f3 Qb8 40.Nd2 Qf8 41.Nxb3 
Qxh6+ 42.Kg2 axb3 43.Qxb3 Qd2 44.Kf2 Kg7 45.Qc4 h5 46.Qd3 Qb2 47.Qe3 h4 
48.Kg2 hxg3 49.Kxg3 Nf4 50.Bf1 Nh5+ 51.Kh3 c4 52.Qe1 Nf4+ 53.Kg3 Nd3 0-1

[Event "zonal 1.5"]
[Site "Yerevan ARM"]
[Date "2000.06.15"]
[Round "9"]
[White "Izoria, Zviad"]
[Black "Antic, Dejan"]
[Result "1/2-1/2"]
[WhiteElo "2372"]
[BlackElo "2491"]
[EventDate "2000.06.07"]
[PlyCount "107"]

1.Nf3 c5 2.c4 Nf6 3.Nc3 d5 4.cxd5 Nxd5 5.g3 Nc6 6.Bg2 Nc7 7.O-O e5 8.d3 
Be7 9.Nd2 Bd7 10.Nc4 f6 11.f4 b5 12.Ne3 exf4 13.gxf4 Rc8 14.Ned5 Nxd5 15.
Nxd5 O-O 16.f5 Nd4 17.e4 Bd6 18.Be3 Bc6 19.Nf4 Qe7 20.Bxd4 Bxf4 21.Rxf4 
cxd4 22.Rf2 Bd7 23.Qb3+ Kh8 24.Qd5 Rfd8 25.Qxd4 Bxf5 26.Qe3 Bg6 27.Rd2 b4 
28.d4 a5 29.Re1 a4 30.d5 Kg8 31.e5 fxe5 32.Qxe5 Qxe5 33.Rxe5 Rc5 34.Be4 
Rc1+ 35.Kg2 Re1 36.Rd4 a3 37.bxa3 bxa3 38.Kg3 Rxe4 39.Rdxe4 Bxe4 40.Rxe4 
Rxd5 41.Re3 Rg5+ 42.Kf2 Ra5 43.Kg3 Kf7 44.h3 Ra4 45.Kg2 g5 46.Kg3 Kg6 47.
Rf3 h5 48.Kg2 h4 49.Kh2 Kh5 50.Kg2 g4 51.hxg4+ Kxg4 52.Rb3 Kf4 53.Kh3 Ke5 
54.Kh2 1/2-1/2

[Event "zonal 1.5"]
[Site "Yerevan ARM"]
[Date "2000.06.15"]
[Round "9"]
[White "Ivanisevic, Ivan"]
[Black "Erdogan, Hakan"]
[Result "1-0"]
[WhiteElo "2460"]
[BlackElo "2316"]
[EventDate "2000.06.07"]
[PlyCount "51"]

1.d4 Nf6 2.c4 e6 3.Nc3 c5 4.d5 exd5 5.cxd5 d6 6.e4 g6 7.Bd3 Bg7 8.h3 O-O 
9.Bg5 Qa5 10.Nf3 b5 11.O-O c4 12.Bc2 b4 13.Ne2 Re8 14.Ng3 Nbd7 15.Qd2 Ne5 
16.Nd4 Qc5 17.Rad1 Nd3 18.Bxd3 Qxd4 19.Qxb4 Nxd5 20.Qa4 Nc7 21.Bxc4 Qxb2 
22.Bd5 Rb8 23.Rc1 Nb5 24.Rb1 Qd4 25.Qxd4 Bxd4 26.a4 1-0

[Event "zonal 1.5"]
[Site "Yerevan ARM"]
[Date "2000.06.15"]
[Round "9"]
[White "Halkias, Stelios"]
[Black "Atakisi, Umut"]
[Result "1/2-1/2"]
[WhiteElo "2482"]
[BlackElo "2274"]
[EventDate "2000.06.07"]
[PlyCount "44"]

1.d4 d5 2.c4 c6 3.Nf3 Nf6 4.e3 Bf5 5.Nc3 e6 6.Nh4 Bg6 7.Qb3 Qb6 8.Nxg6 
hxg6 9.Bd2 Nbd7 10.Be2 Be7 11.Qxb6 axb6 12.f3 Bd6 13.Kf2 dxc4 14.Bxc4 b5 
15.Bd3 e5 16.Ne2 exd4 17.Nxd4 Ne5 18.Be2 Nd5 19.h3 Nb4 20.Bxb4 Bxb4 21.
Rhd1 Ke7 22.a3 Bd6 1/2-1/2